Ariana Grande - Paroles Into You - Statistiques

Statistiques générales
  • Ce quiz a été pris 185 fois
    147 depuis la dernière actualisation
  • Le résultat moyen est 381 sur 473
Statistiques - réponses
Hint Réponse % Correct
I
100%
in
100%
so
100%
So
100%
Refrain So,
100%
you
100%
you,
100%
you)
100%
You
100%
into
99%
to
99%
a
97%
A
97%
Couplet 1 I'm
97%
baby,
95%
baby
95%
can
94%
'Cause
92%
('cause
92%
And
90%
and
90%
Pré-refrain Oh,
90%
oh,
90%
(ooh,
90%
ooh)
90%
Couplet 2 Ooh,
90%
let
88%
what
88%
body
87%
my
87%
the
87%
The
87%
it
86%
it)
86%
me
86%
do
85%
touch
85%
want
85%
little
84%
Little
84%
look
84%
for
83%
up
83%
up)
83%
up,
83%
make
81%
more
81%
bit
80%
barely
79%
dangerous
79%
(dangerous)
79%
dangerous,
79%
Is
79%
all
78%
conversation
78%
move
78%
come
77%
wanna
77%
started
75%
fall
73%
But
71%
But,
71%
no
71%
deep
70%
secret
70%
wait
70%
breathe
69%
less
69%
scandalous
69%
(scandalous)
69%
Before
67%
on
67%
that's
67%
keep
66%
this
66%
This
66%
yeah
65%
close
64%
how
64%
(how
64%
gonna
63%
happen?
63%
cross
62%
Bridge Tell
62%
light
61%
(light
61%
line,
61%
see
61%
can't,
59%
I'll
59%
waiting
59%
came
58%
we
58%
let's
57%
them
57%
don't
56%
here
56%
Been
54%
rising
54%
time,
54%
know
53%
know,
53%
some
52%
control
51%
could
50%
enough
50%
need,
50%
need
50%
maybe
49%
take
48%
ain't
47%
Got
47%
play
45%
roll
44%
temperature's
44%
too
44%
us
44%
us)
44%
game
43%
'Til
43%
watchin'
43%
(watchin'
43%
everyone
42%
right,
42%
dice,
41%
get
40%
edge
39%
name
38%
mistakes
36%
many
34%
made
32%
with
29%
hey,
24%
hey
24%
Better
19%
Aucun quiz correspondant
Distribution des résultats
% des personnes avec chaque résultat
Percentile par nombre de réponses
Votre historique - résultats
Vous n’avez pas pris ce quiz depuis la dernière actualisation